<?xml version="1.0" encoding="UTF-8"?>
<record
    xmlns:xsi="http://www.w3.org/2001/XMLSchema-instance"
    xsi:schemaLocation="http://www.loc.gov/MARC21/slim http://www.loc.gov/standards/marcxml/schema/MARC21slim.xsd"
    xmlns="http://www.loc.gov/MARC21/slim">

  <leader>01635cam a2200337 a 4500</leader>
  <controlfield tag="001">16826120</controlfield>
  <controlfield tag="003">OSt</controlfield>
  <controlfield tag="005">20151013171021.0</controlfield>
  <controlfield tag="008">110610s2012    pau      b    001 0 eng  </controlfield>
  <datafield tag="010" ind1=" " ind2=" ">
    <subfield code="a">  2011024996</subfield>
  </datafield>
  <datafield tag="020" ind1=" " ind2=" ">
    <subfield code="a">9780803626775</subfield>
  </datafield>
  <datafield tag="020" ind1=" " ind2=" ">
    <subfield code="a">0803626770</subfield>
  </datafield>
  <datafield tag="035" ind1=" " ind2=" ">
    <subfield code="a">(DNLM)101562492</subfield>
  </datafield>
  <datafield tag="040" ind1=" " ind2=" ">
    <subfield code="a">DNLM/DLC</subfield>
    <subfield code="c">DLC</subfield>
    <subfield code="d">DLC</subfield>
  </datafield>
  <datafield tag="042" ind1=" " ind2=" ">
    <subfield code="a">pcc</subfield>
  </datafield>
  <datafield tag="050" ind1="0" ind2="0">
    <subfield code="a">RB43.7</subfield>
    <subfield code="b">.B83 2012</subfield>
  </datafield>
  <datafield tag="082" ind1="0" ind2="0">
    <subfield code="a">616.9041</subfield>
    <subfield code="2">23</subfield>
    <subfield code="b">BLM</subfield>
  </datafield>
  <datafield tag="100" ind1="1" ind2=" ">
    <subfield code="a">Buckingham, Lela.</subfield>
    <subfield code="9">50166</subfield>
  </datafield>
  <datafield tag="245" ind1="1" ind2="0">
    <subfield code="a">Molecular diagnostics :</subfield>
    <subfield code="b">fundamentals, methods, and clinical applications /</subfield>
    <subfield code="c">Lela Buckingham.</subfield>
  </datafield>
  <datafield tag="250" ind1=" " ind2=" ">
    <subfield code="a">2nd ed.</subfield>
  </datafield>
  <datafield tag="260" ind1=" " ind2=" ">
    <subfield code="a">Philadelphia :</subfield>
    <subfield code="b">F.A. Davis Co.,</subfield>
    <subfield code="c">c2012.</subfield>
  </datafield>
  <datafield tag="300" ind1=" " ind2=" ">
    <subfield code="a">xvi, 558 p. :</subfield>
    <subfield code="b">col. ill. ;</subfield>
    <subfield code="c">23 cm.</subfield>
  </datafield>
  <datafield tag="504" ind1=" " ind2=" ">
    <subfield code="a">Includes bibliographical references and index.</subfield>
  </datafield>
  <datafield tag="505" ind1="0" ind2=" ">
    <subfield code="a">DNA -- RNA -- Protein -- Nucleic acid extraction methods -- Resolution and detection of nucleic acids -- Analysis and characterization of nucleic acids and proteins -- Nucleic acid amplification -- Chromosomal structure and chromosomal mutations -- Gene mutations -- DNA sequencing -- DNA polymorphisms and human identification -- Detection and identification of microorganisms -- Molecular detection of inherited diseases -- Molecular oncology -- DNA-based tissue typing -- Quality assurance and quality control in the molecular laboratory.</subfield>
  </datafield>
  <datafield tag="650" ind1=" " ind2="0">
    <subfield code="a">Molecular diagnosis.</subfield>
    <subfield code="9">52224</subfield>
  </datafield>
  <datafield tag="650" ind1="1" ind2="2">
    <subfield code="a">Molecular Diagnostic Techniques</subfield>
    <subfield code="x">methods.</subfield>
    <subfield code="9">52225</subfield>
  </datafield>
  <datafield tag="650" ind1="2" ind2="2">
    <subfield code="a">Nucleic Acids</subfield>
    <subfield code="x">analysis.</subfield>
    <subfield code="9">19147</subfield>
  </datafield>
  <datafield tag="906" ind1=" " ind2=" ">
    <subfield code="a">7</subfield>
    <subfield code="b">cbc</subfield>
    <subfield code="c">orignew</subfield>
    <subfield code="d">1</subfield>
    <subfield code="e">ecip</subfield>
    <subfield code="f">20</subfield>
    <subfield code="g">y-gencatlg</subfield>
  </datafield>
  <datafield tag="942" ind1=" " ind2=" ">
    <subfield code="2">ddc</subfield>
    <subfield code="c">BOOK</subfield>
  </datafield>
  <datafield tag="999" ind1=" " ind2=" ">
    <subfield code="c">38423</subfield>
    <subfield code="d">272923</subfield>
  </datafield>
  <datafield tag="952" ind1=" " ind2=" ">
    <subfield code="1">0</subfield>
    <subfield code="2">2015-10-13</subfield>
    <subfield code="4">0</subfield>
    <subfield code="7">0</subfield>
    <subfield code="a">616.9041 BLM</subfield>
    <subfield code="d">2015-10-13</subfield>
    <subfield code="h">CL</subfield>
    <subfield code="i">00654173</subfield>
    <subfield code="m">CL</subfield>
    <subfield code="r">2015-10-13 00:00:00</subfield>
    <subfield code="t">BOOK</subfield>
    <subfield code="w">ddc</subfield>
    <subfield code="y">0</subfield>
  </datafield>
  <datafield tag="952" ind1=" " ind2=" ">
    <subfield code="1">0</subfield>
    <subfield code="2">2015-10-13</subfield>
    <subfield code="4">0</subfield>
    <subfield code="7">0</subfield>
    <subfield code="a">616.9041 BLM</subfield>
    <subfield code="d">2015-10-13</subfield>
    <subfield code="h">CL</subfield>
    <subfield code="i">00654174</subfield>
    <subfield code="m">CL</subfield>
    <subfield code="q">2015-10-29</subfield>
    <subfield code="r">2016-04-19 00:00:00</subfield>
    <subfield code="t">BOOK</subfield>
    <subfield code="w">ddc</subfield>
    <subfield code="y">1</subfield>
  </datafield>
  <datafield tag="952" ind1=" " ind2=" ">
    <subfield code="1">0</subfield>
    <subfield code="2">2015-10-13</subfield>
    <subfield code="4">0</subfield>
    <subfield code="7">0</subfield>
    <subfield code="a">616.9041 BLM</subfield>
    <subfield code="d">2015-10-13</subfield>
    <subfield code="h">CL</subfield>
    <subfield code="i">00654175</subfield>
    <subfield code="m">CL</subfield>
    <subfield code="r">2015-10-13 00:00:00</subfield>
    <subfield code="t">BOOK</subfield>
    <subfield code="w">ddc</subfield>
    <subfield code="y">0</subfield>
  </datafield>
  <datafield tag="952" ind1=" " ind2=" ">
    <subfield code="1">0</subfield>
    <subfield code="2">2015-10-15</subfield>
    <subfield code="4">0</subfield>
    <subfield code="7">0</subfield>
    <subfield code="a">616.9041 BLM</subfield>
    <subfield code="d">2015-10-15</subfield>
    <subfield code="h">AMF</subfield>
    <subfield code="i">00654487</subfield>
    <subfield code="m">AMF</subfield>
    <subfield code="r">2015-10-15 00:00:00</subfield>
    <subfield code="t">BOOK</subfield>
    <subfield code="w">ddc</subfield>
    <subfield code="y">0</subfield>
  </datafield>
  <datafield tag="952" ind1=" " ind2=" ">
    <subfield code="1">0</subfield>
    <subfield code="2">2015-10-15</subfield>
    <subfield code="4">0</subfield>
    <subfield code="7">0</subfield>
    <subfield code="a">616.9041 BLM</subfield>
    <subfield code="d">2015-10-15</subfield>
    <subfield code="h">AMF</subfield>
    <subfield code="i">00654488</subfield>
    <subfield code="m">AMF</subfield>
    <subfield code="o">1</subfield>
    <subfield code="q">2022-12-06</subfield>
    <subfield code="r">2022-12-06 00:00:00</subfield>
    <subfield code="s">2025-01-16</subfield>
    <subfield code="t">BOOK</subfield>
    <subfield code="w">ddc</subfield>
    <subfield code="y">1</subfield>
  </datafield>
  <datafield tag="952" ind1=" " ind2=" ">
    <subfield code="1">0</subfield>
    <subfield code="2">2018-08-18</subfield>
    <subfield code="4">0</subfield>
    <subfield code="7">0</subfield>
    <subfield code="a">616.9041 BLM</subfield>
    <subfield code="d">2018-08-18</subfield>
    <subfield code="h">SZM</subfield>
    <subfield code="i">00657366</subfield>
    <subfield code="m">SZM</subfield>
    <subfield code="r">2018-08-18 00:00:00</subfield>
    <subfield code="t">BOOK</subfield>
    <subfield code="w">ddc</subfield>
    <subfield code="y">0</subfield>
  </datafield>
  <datafield tag="952" ind1=" " ind2=" ">
    <subfield code="1">0</subfield>
    <subfield code="2">2018-08-18</subfield>
    <subfield code="4">0</subfield>
    <subfield code="7">0</subfield>
    <subfield code="a">616.9041 BLM</subfield>
    <subfield code="d">2018-08-18</subfield>
    <subfield code="h">SZM</subfield>
    <subfield code="i">00657367</subfield>
    <subfield code="m">SZM</subfield>
    <subfield code="r">2018-08-18 00:00:00</subfield>
    <subfield code="t">BOOK</subfield>
    <subfield code="w">ddc</subfield>
    <subfield code="y">0</subfield>
  </datafield>
</record>
